| 000 | 00504nam a2200181 a 4500 | ||
|---|---|---|---|
| 001 | 1939 | ||
| 005 | 20140414131848.0 | ||
| 008 | 030410s19uu xx 00 eng d | ||
| 020 | _a1-56987-645-2 | ||
| 050 |
_aM 398.2 _bEn1 |
||
| 245 | _aEnchanted fairy tale storybook. | ||
| 260 |
_aAshland, Ohio : _bLandoll, _c1996. |
||
| 300 | _a352 p. : ill. ; cm. | ||
| 520 | _aThe fairy tale bedtime collection. | ||
| 650 | _aFairy tales collection. | ||
| 650 | _aShort stories collection. | ||
| 999 |
_c110011 _d110011 |
||